Philosophy in the Islamic world /

محفوظ في:

المؤلف الرئيسي: Adamson, Peter, 1972- (مؤلف)

التنسيق: كتاب

اللغة: English

منشور في: Oxford : Oxford university press, 2016.

سلاسل: A history of philosophy without any gaps ; 3.

الموضوعات:

الوسوم: إضافة وسم

لا توجد وسوم, كن أول من يضع وسما على هذه التسجيلة!

رقم الطلب: B741 .A286 2016

LEADER 00773nam a2200241Ia 4500
003 OSt
005 20250914100954.0
008 220401t20162016enkb b 001 0 eng d
020 |a 9780199577491 
040 |c ARCE Library 
050 4 |a B741 .A286 2016 
100 1 |a Adamson, Peter,   |d 1972-   |e [author] 
245 1 0 |a Philosophy in the Islamic world /   |c Peter Adamson. 
264 1 |a Oxford :   |b Oxford university press,   |c 2016. 
264 4 |c ©2016. 
300 |a xxi, 511 pages :   |b maps ;   |c 25 cm. 
490 0 |a A history of philosophy without any gaps ;   |v 3. 
504 |a Includes bibliographical references (pages 489-502) and index. 
650 0 |a Islamic philosophy   |x History. 
650 0 |a Islamic philosophy. 
901 |a reviewed 
942 |2 lcc  |c BK 
999 |c 47069  |d 47069